00548 2200193 4500001002100000005001700021008004100038035002600079245007000105100002100175260003300196300003100229082001100260084001700271650003000288990001200318990001200330990001200342INLIS00000000000031420240612145344.0240612| ||| | ind  a 0010-06240000000031400aDahsyatnya Sabar Mengelola Hati Meraih PrestasicAhmad Hadi Yasin0 aAhmad Hadi Yasin aJakarta :bQultumMediac2012 axvi, 382 halaman ;c24 cm.0 a297.22 a297.22 AHM d 0aIslam and Social Sciences a0000493 a0000494 a0000495